000
00314nam a22001217a 4500
008
260530b |||||||| |||| 00| 0 eng d
020
_a
9789381275597
100
_a
Nagasampige, A V
245
_a
Srimadjnmastami Nirnayah
260
_a
Bangalore
_b
Poorna Prajna Samshodhan Trust
_c
2022
300
_a
84p
942
_2
ddc
999
_c
1471
_d
1471